[Event "ch-FRA Women"]
[Site "Marsailles FRA"]
[Date "2001.08.16"]
[Round "4"]
[White "Muller,A"]
[Black "Lebel Arias,J"]
[Result "1-0"]
[WhiteElo "2156"]
[BlackElo "2075"]

1.e4 g6 2.d4 Bg7 3.Nc3 d6 4.f4 e6 5.Nf3 Ne7 6.Bd3 a6 7.a4 b6 8.Qe2 O-O 9.O-O Nd7
10.Be3 Nf6 11.Kh1 Bb7 12.Bg1 c5 13.Rad1 Qc7 14.e5 dxe5 15.dxe5 Nfd5 16.Nxd5 Nxd5
17.Nd2 Rfc8 18.c3 Qc6 19.Be4 b5 20.Nb3 c4 21.Na5 Qc7 22.Nxb7 Qxb7 23.axb5 axb5
24.Rd2 b4 25.Bxd5 exd5 26.cxb4 Qxb4 27.Rxd5 c3 28.bxc3 Qxc3 29.Rfd1 Re8 30.Rd7 Bh6
31.Qe4 Qb3 32.R7d4 Rac8 33.Rf1 Rc3 34.Rb4 Qc2 35.Qb7 Rc7 36.Qd5 Qe2 37.Rfb1 Qg4
38.Qe4 Rec8 39.h3 Qe6 40.Be3 Bf8 41.Rb6 Qc4 42.Qf3 Qd3 43.Rd1 Qc3 44.Rc1 Qd3
45.Rxc7 Rxc7 46.e6 fxe6 47.Rxe6 Qb1+ 48.Kh2 Qb7 49.Qg4 Rf7 50.Rb6 Qe4 51.Re6 Qf5
52.Qxf5 Rxf5 53.g4 Rb5 54.Kg3 Kf7 55.Ra6 Rb3 56.Kf2 Rb2+ 57.Kf3 Rb7 58.Ra5 Bb4
59.Rd5 Be7 60.f5 gxf5 61.Rxf5+ Ke6 62.Ra5 Bf8 63.h4 Bg7 64.h5 Be5 65.g5 Bc7
66.Ra6+ Kf7 67.Bd4 Bb8 68.Rh6 Kg8 69.g6 Ba7 70.gxh7+ Rxh7 71.Bc3  1-0

[Event "7th Stage Russian Cup"]
[Site "Togliatty RUS"]
[Date "2001.08.16"]
[Round "9"]
[White "Rodin,M"]
[Black "Khamidulin,V"]
[Result "1-0"]
[WhiteElo "2387"]
[BlackElo "2213"]

1.e4 g6 2.d4 Bg7 3.Nc3 d6 4.g3 Nf6 5.Bg2 O-O 6.Nge2 Nbd7 7.h3 e5 8.Be3 Re8
9.O-O a6 10.a4 Rb8 11.g4 b5 12.axb5 axb5 13.Ng3 exd4 14.Bxd4 b4 15.Nd5 c5
16.Nxf6+ Nxf6 17.Be3 Bb7 18.Qd3 Qc7 19.Bf4 c4 20.Qxd6 Qxd6 21.Bxd6 Rbd8 22.e5 Bxg2
23.Kxg2 Nd5 24.Rfe1 b3 25.cxb3 Nf4+ 26.Kf1 cxb3 27.Re3 Nxh3 28.Ra4 Ng5 29.f4 Ne6
30.Rxb3 Rxd6 31.exd6 Nc5 32.Rab4 Nxb3 33.Rxb3 Rd8 34.Rb6 Bf8 35.Ne4 f5 36.Nf6+ Kf7
37.Nxh7 Bxd6 38.Rb7+ Ke6 39.Ng5+ Kd5 40.Nf7 Rf8 41.Rd7 Ke6 42.Rxd6+ Kxf7
43.gxf5 gxf5 44.b4 Ra8 45.Ke2 Ra3 46.Kd2 Rf3 47.Rd4 Ke6 48.Kc2 Rf2+ 49.Kc3 Rf1
50.b5 Rc1+ 51.Kb4 Rb1+ 52.Kc5 Rc1+ 53.Rc4 Rb1 54.Kc6  1-0

[Event "I American Continental"]
[Site "Cali COL"]
[Date "2001.08.17"]
[Round "8"]
[White "Gamboa,N"]
[Black "Nogueiras,J"]
[Result "0-1"]
[WhiteElo "2354"]
[BlackElo "2525"]

1.e4 g6 2.d4 Bg7 3.Nc3 d6 4.Be3 a6 5.Qd2 Nd7 6.Nf3 b5 7.Bd3 Bb7 8.a3 c5 9.Rd1 cxd4
10.Nxd4 Ngf6 11.Bh6 Bxh6 12.Qxh6 Qb6 13.Qe3 e5 14.Nb3 Qxe3+ 15.fxe3 Nc5 16.Nxc5 dxc5
17.O-O Ke7 18.Rf3 Rad8 19.Rdf1 Rd6 20.g4 h6 21.b3 Rf8 22.h3 b4 23.Nb1 Nxe4
24.Bxe4 Bxe4 25.R3f2 f6 26.Nd2 Bxc2 27.Rc1 Bd3 28.Rxc5 bxa3 29.Ra5 Rc8 30.Rxa3 Bb5
31.Ra1 Rcc6 32.h4 Rd3 33.Re1 Rc2 34.Ne4 Rxf2 35.Kxf2 Rxb3 36.Rc1 Rb4 37.Ng3 Rxg4
38.h5 gxh5 39.e4 Ke6  0-1

[Event "Rubinstein Open"]
[Site "Polanica Zdroj POL"]
[Date "2001.08.17"]
[Round "2"]
[White "Kuznetsov,F"]
[Black "Gorecki,J"]
[Result "1/2-1/2"]
[WhiteElo "2146"]
[BlackElo "2008"]

1.e4 d6 2.d4 g6 3.Nc3 Bg7 4.Be3 c6 5.Nf3 Nf6 6.h3 O-O 7.Be2 b6 8.O-O Ba6
9.e5 Bxe2 10.Qxe2 Ne8 11.Bf4 Nc7 12.exd6 exd6 13.Ne4 d5 14.Nd6 Ne6 15.Be5 Bxe5
16.dxe5 f5 17.Rad1 Qe7 18.c4 Nd7 19.cxd5 cxd5 20.Qd2 Nxe5  1/2-1/2

[Event "WJun"]
[Site "Athens GRE"]
[Date "2001.08.18"]
[Round "3"]
[White "Hersvik,D"]
[Black "Stryjecki,M"]
[Result "0-1"]
[WhiteElo "2241"]
[BlackElo "2441"]

1.e4 g6 2.d4 Bg7 3.Nc3 d6 4.Be3 a6 5.Bd3 b5 6.Qd2 Nd7 7.Nce2 Bb7 8.a4 Ngf6
9.f3 O-O 10.axb5 axb5 11.Rxa8 Qxa8 12.Bxb5 c6 13.Bd3 e5 14.Nh3 d5 15.exd5 Nxd5
16.Bh6 Qa1+ 17.Kf2 Qxh1 18.Bxg7 Kxg7 19.Ng3 Qxh2 20.Nh5+ gxh5 21.Qg5+ Kh8
22.Qh6 e4 23.Bxe4 f5 24.Ng5 Qh4+ 25.Kg1 N5f6 26.Bxf5 Qxd4+ 27.Kh1 Qd1+ 28.Kh2  0-1

[Event "WJun"]
[Site "Athens GRE"]
[Date "2001.08.19"]
[Round "4"]
[White "Navara,D"]
[Black "Bitansky,I"]
[Result "1-0"]
[WhiteElo "2491"]
[BlackElo "2363"]

1.e4 g6 2.d4 Bg7 3.Nc3 d6 4.Be3 a6 5.h3 b5 6.Bd3 Nd7 7.Nf3 c5 8.d5 Ngf6 9.a3 O-O
10.Qd2 Qc7 11.Bh6 Ne5 12.Nxe5 Bxh6 13.Qxh6 dxe5 14.O-O Nh5 15.Rfe1 Qd6 16.a4 b4
17.Nd1 a5 18.Ne3 Qf6 19.Bb5 Qg7 20.Qxg7+ Nxg7 21.Nc4 f6 22.d6 exd6 23.Rad1 Rd8
24.Nxd6 Kf8 25.Bc6 Ra6 26.Nxc8 Rxd1 27.Rxd1 Rxc6 28.Rd8+ Ne8 29.Kf1 c4 30.Ke2 Rc7
31.Nb6 Kf7 32.Ra8 Nd6 33.f3 Nb7 34.Nd5 Rd7 35.Rc8 Nd6 36.Rc5 Ra7 37.Rc6 Rd7
38.Nb6 Rd8 39.Nxc4 Nxc4 40.Rxc4 h5 41.Rc7+ Ke6 42.Ra7 Rc8 43.Kd2 Rc5 44.h4 f5
45.Ra6+ Kf7 46.Kd3 f4 47.Rd6 b3 48.c4 Rc8 49.Rd5 Ke6 50.Rxa5 Rg8 51.Rb5 g5
52.a5 gxh4 53.a6 Kd6 54.a7 Ra8 55.Ra5 Kc6 56.Kc3 Kb6 57.Kb4 h3 58.gxh3 h4
59.Rxe5 Rc8 60.Ra5  1-0

[Event "Ron Banwell Masters"]
[Site "London ENG"]
[Date "2001.08.19"]
[Round "2"]
[White "Rendle,T"]
[Black "McNab,C"]
[Result "0-1"]
[WhiteElo "2129"]
[BlackElo "2437"]

1.e4 g6 2.d4 d6 3.Nc3 Bg7 4.Be3 Nf6 5.Nf3 c6 6.a4 O-O 7.h3 d5 8.e5 Ne4 9.Nxe4 dxe4
10.Nd2 c5 11.Nxe4 cxd4 12.Bxd4 Nc6 13.Bc3 Bf5 14.Bd3 Nxe5 15.O-O Nxd3 16.cxd3 Rc8
17.Re1 Rc7 18.Qe2 b6 19.Rad1 Rd7 20.Bb4 Rd4 21.Ba3 Qd7 22.g4 Be6 23.a5 Bb3
24.Rc1 f5 25.Nd2 Bf7 26.Qxe7 Qd5 27.Qg5 h6  0-1

[Event "Rubinstein Open"]
[Site "Polanica Zdroj POL"]
[Date "2001.08.19"]
[Round "4"]
[White "Balcerak,J"]
[Black "Dlugosz,J"]
[Result "1/2-1/2"]
[WhiteElo "2415"]
[BlackElo "2272"]

1.e4 g6 2.d4 Bg7 3.Nc3 d6 4.Be3 a6 5.f4 b5 6.Be2 b4 7.Nb1 Bb7 8.Bf3 Nf6 9.Nd2 Nbd7
10.Ne2 c5 11.d5 Qc7 12.O-O O-O 13.c4 e6 14.g4 exd5 15.exd5 Nb6 16.Bf2 a5
17.Ng3 Nfd7 18.Qc2 a4 19.Kg2 a3 20.b3 Bxa1 21.Rxa1 Nf6 22.Qd3 Nbd7 23.Rh1 Nxg4
24.Bxg4 f5 25.Bf3 Nf6 26.Ngf1  1/2-1/2

[Event "9th Open"]
[Site "Nikea GRE"]
[Date "2001.08.21"]
[Round "4"]
[White "Hadzimanolis,A"]
[Black "Khetsuriani,B"]
[Result "1-0"]
[WhiteElo "2281"]
[BlackElo "2415"]

1.e4 d6 2.d4 g6 3.Nc3 Bg7 4.f4 Nc6 5.Be3 Nf6 6.Be2 e6 7.Nf3 Ne7 8.O-O O-O
9.h3 b6 10.Qe1 Bb7 11.Bd3 c5 12.g4 cxd4 13.Nxd4 Nd7 14.f5 exf5 15.exf5 Nc6
16.Nxc6 Bxc6 17.g5 Bd4 18.Qg3 Bxe3+ 19.Qxe3 b5 20.Qg3 Ne5 21.Be4 Rc8 22.Bxc6 Qb6+
23.Rf2 Qxc6 24.Rd1 Kh8 25.Nd5 Qb7 26.Nf6 Nd7 27.Rxd6 Nxf6 28.Rxf6 Kg8 29.fxg6 hxg6
30.Qf3 Qxf3 31.R6xf3 Rc5 32.h4 Rc4 33.Rf4 Rxf4 34.Rxf4 Rd8 35.Kg2 Rd1 36.Rb4 a6
37.Kf3 Kf8 38.a4 bxa4 39.Rxa4 Rb1 40.b4 Rc1 41.Ra2 Rb1 42.c3 Rb3 43.Rc2 Ke7
44.Ke4 a5 45.bxa5 Ra3 46.c4 Rxa5 47.c5 Ra4+ 48.Ke5 Rxh4 49.c6 Kd8 50.Rd2+ Kc8
51.Rf2 Rg4 52.Kd6 Rd4+ 53.Kc5 Rd1 54.Rxf7 Rc1+ 55.Kd6 Rd1+ 56.Ke6 Rc1 57.Kf6 Rxc6+
58.Kg7 Kd8 59.Rf6 Rc5 60.Kxg6 Ke8 61.Kh6 Ke7 62.Rf1 Rc2 63.g6 Rh2+ 64.Kg7 Rg2
65.Re1+ Kd7 66.Kf7 Rf2+ 67.Kg8  1-0

[Event "9th Open"]
[Site "Nikea GRE"]
[Date "2001.08.22"]
[Round "5"]
[White "Makropoulou,M"]
[Black "Fournarakos,G"]
[Result "1-0"]
[WhiteElo "2313"]
[BlackElo "2041"]

1.e4 g6 2.d4 Bg7 3.Nc3 d6 4.f4 c6 5.Be3 Qb6 6.a3 f5 7.Nf3 fxe4 8.Nxe4 Nh6
9.Be2 Bf5 10.Neg5 Qxb2 11.Rb1 Qxa3 12.Rb3 Qa5+ 13.Bd2 Qc7 14.h3 O-O 15.g4 Bc8
16.O-O Nf7 17.Nxf7 Rxf7 18.c3 b5 19.Bd3 Be6 20.Ng5 Bxb3 21.Qxb3 d5 22.Nxf7 Kxf7
23.Kg2 Bf6 24.g5 Bg7 25.f5 Kg8 26.fxg6 hxg6 27.Bxg6 Nd7 28.Bf7+ Kf8 29.Bg6+ Kg8
30.Bf7+ Kf8 31.Qd1 e5 32.Bg6+ Bf6 33.gxf6 Qd6 34.Qh5 Nxf6 35.Qh8+  1-0

[Event "WJun"]
[Site "Athens GRE"]
[Date "2001.08.23"]
[Round "7"]
[White "Neiksans,A"]
[Black "Postny,E"]
[Result "0-1"]
[WhiteElo "2435"]
[BlackElo "2486"]

1.e4 d6 2.d4 g6 3.Nc3 Bg7 4.f4 Nf6 5.e5 Nfd7 6.Nf3 O-O 7.h4 c5 8.h5 cxd4
9.Qxd4 dxe5 10.Qf2 e4 11.Nxe4 Nf6 12.Nxf6+ exf6 13.hxg6 Re8+ 14.Be2 hxg6
15.O-O Nc6 16.Bb5 Bf5 17.Be3 Qe7 18.Rae1 Qb4 19.c4 Bf8 20.a3 Qd6 21.Rd1 Qc7
22.c5 Qa5 23.Bxc6 bxc6 24.Nd4 Be4 25.f5 g5 26.Qg3 Bg7 27.Nf3 Rad8 28.Rde1 Bd3
29.Nd4 Qa4 30.b3 Qxa3 31.Nxc6 Rc8 32.Bxg5 fxg5 33.Rxe8+ Rxe8 34.f6 Qxc5+
35.Rf2 Bxf6 36.Qf3 Re1+ 37.Kh2 Qd6+ 38.g3 Be4  0-1

[Event "21st Open"]
[Site "Bratto ITA"]
[Date "2001.08.23"]
[Round "2"]
[White "Belotti,B"]
[Black "Foisor,C"]
[Result "0-1"]
[WhiteElo "2405"]
[BlackElo "2423"]

1.e4 d6 2.d4 g6 3.Nc3 Bg7 4.Bg5 c6 5.Qd2 Qa5 6.f4 Na6 7.Nf3 Bg4 8.Be2 Nc7
9.e5 Ne6 10.O-O-O h6 11.Bh4 g5 12.Bg3 gxf4 13.Bxf4 h5 14.Kb1 Bxf3 15.Bxf3 Nxf4
16.Qxf4 dxe5 17.Qg3 Kf8 18.Ne2 h4 19.Qh3 Qb6 20.c3 a5 21.Rhf1 a4 22.a3 Qb5
23.Qf5 Nh6 24.Qc2 Bf6 25.dxe5 Qxe5 26.Rd7 Nf5 27.Qd3 Rb8 28.Bxc6 bxc6 29.Rxf5 Qxh2
30.Nf4 Qg1+ 31.Ka2 Qb6 32.Qe2 Ke8 33.Rd3 Rh6 34.Ka1 Kf8 35.Rd7 Kg8 36.Rd3 Qb3
37.g4 e6 38.g5 exf5 39.gxh6 Kh7 40.Nh5 Bh8 41.Qf2 Rb5 42.Ng7 h3 43.Rxh3 Rd5
44.Rh1 Rd1+ 45.Rxd1 Qxd1+ 46.Ka2 Qd5+ 47.Ka1 Bxg7 48.hxg7 Kxg7 49.Qg3+ Kf6
50.Qh4+ Ke5 51.Qxa4 f4 52.c4 Qc5 53.Qb3 Qe3 54.Qb8+ Ke4 55.Qe8+ Kd3 56.Qxf7 Qc1+  0-1

[Event "21st Open"]
[Site "Bratto ITA"]
[Date "2001.08.23"]
[Round "2"]
[White "Mauro,A"]
[Black "Foisor,O"]
[Result "0-1"]
[WhiteElo "2245"]
[BlackElo "2400"]

1.e4 d6 2.d4 g6 3.Nc3 Bg7 4.Be2 c6 5.h4 Qb6 6.Bg4 Bxg4 7.Qxg4 Nd7 8.Nge2 h5
9.Qf3 Bxd4 10.Nxd4 Qxd4 11.Be3 Qb4 12.O-O-O Ne5 13.a3 Qxc3 14.bxc3 Nxf3 15.gxf3 c5
16.Kd2 Nf6 17.Rb1 O-O-O 18.c4 Nd7 19.Kc3 Ne5 20.Rh3 Rdf8 21.Rd1 f5 22.f4 Ng4
23.e5 Rd8 24.Re1 dxe5 25.fxe5 b6 26.Re2 Nxe3 27.fxe3 Rd1 28.Rg2 Rg8 29.Rhg3 Rh1
30.Rxg6 Rxg6 31.Rxg6 Rxh4 32.Rg5 Kd7 33.Rxf5 Ke6 34.Rg5 Re4 35.Rxh5 Rxe3+
36.Kd2 Rxa3 37.c3 Ra1 38.Ke3 Re1+ 39.Kf4 Rc1 40.Rh6+ Kd7 41.Rh3 a5 42.Rd3+ Ke6
43.Rh3 Rb1 44.Rh6+ Kd7 45.Ke4 a4 46.Rh8 a3 47.Ra8 Ra1 48.Kf5 e6+ 49.Kf6 Rf1+
50.Kg6 Rf5 51.Rxa3 Rxe5 52.Ra6 Kc6 53.Kf6 Re3 54.Ra3 Kd6 55.Rb3 Rf3+ 56.Kg5 Kc6
57.Kg4 Rf1 58.Rb2 e5 59.Re2 Rf4+ 60.Kg5 Rxc4 61.Re3 Kd5  0-1

[Event "ch-FRA Women"]
[Site "Marsailles FRA"]
[Date "2001.08.23"]
[Round "11"]
[White "Franc,N"]
[Black "Lebel Arias,J"]
[Result "1/2-1/2"]
[WhiteElo "2103"]
[BlackElo "2075"]

1.e4 g6 2.d4 Bg7 3.Nc3 d6 4.Bc4 e6 5.Bb3 a6 6.Nge2 b5 7.a3 Nd7 8.d5 e5 9.Ng3 Ngf6
10.O-O O-O 11.Qe2 Re8 12.Nd1 Nc5 13.Ba2 Rb8 14.b4 Na4 15.c4 Bd7 16.Qc2 h5
17.Bg5 bxc4 18.Bxc4 Bb5 19.Bxb5 axb5 20.Rc1 Rb7 21.Qc6 Qb8 22.Qc2 Nh7 23.Be3 h4
24.Ne2 Qa8 25.h3 Qa6 26.Ra1 Rc8 27.Ndc3 Nb6 28.a4 bxa4 29.Nxa4 Qc4 30.Rfc1 Qxc2
31.Rxc2 Nxa4 32.Rxa4 Bf6 33.Ra7 Rxa7 34.Bxa7 Bd8 35.Bb6 Nf6 36.f3 Ne8 37.Ba5 Rb8
38.Rc6 Kf8 39.Kf2 Ke7 40.f4 f6 41.Kf3 g5 42.fxg5 fxg5 43.Kg4 Kf6 44.Nc1 Kg6
45.Nd3 Kf7 46.Kf3 Rb7 47.Nf2 Nf6 48.Ng4 Nxg4 49.Kxg4 Kg6 50.Ra6 Rb8 51.Ra7 Rc8
52.Rb7 Ra8 53.g3 hxg3 54.Kxg3 Rc8 55.Kg4 Kf6 56.Kh5 Be7 57.Bxc7 Rh8+ 58.Kg4 Rh4+
59.Kg3 Rxe4 60.Rb6 Kf5 61.b5 Re3+ 62.Kg2 Rb3 63.Rb8 Ke4 64.Re8 Rxb5 65.Rxe7 Rxd5
66.Re6 Rd2+ 67.Kg3 Kf5 68.Rxd6 Rc2 69.Bd8 Rc3+ 70.Kg2 Rc2+ 71.Kf1 Rh2 72.Rh6 Rd2
73.Rh8 Rd3 74.Ke2 e4 75.Rf8+ Ke6 76.Rh8 Kf5 77.Be7 Rd7 78.Bc5 Rc7 79.Be3 Rc2+
80.Bd2 Ra2 81.Rh5 Kf6 82.Ke3 Kg6 83.Rh8 Kf5 84.Rf8+ Kg6 85.Rc8 Ra4 86.Bc3 Ra3
87.Kxe4 Ra4+ 88.Kf3 Ra3 89.Rc4 Kf5 90.Rc5+ Kg6 91.Kg2 Ra2+ 92.Kg1 Ra3 93.Rc6+ Kh5
94.Rc8 Kg6 95.Kf2 Kf5 96.Ke3 Kg6 97.Ke4 Ra4+ 98.Bd4 Ra3 99.Be3 Ra4+ 100.Kf3 Ra3
101.Re8 Kf5 102.Re4 Rb3 103.Rg4 Kf6 104.Ke4 Rb5 105.Bd4+ Ke6 106.Bc3 Rc5
107.Bd2 Re5+ 108.Kd3 Rd5+ 109.Ke3 Kf6 110.Bc3+ Kf5 111.Ra4 Rd6 112.Ra5+ Kg6
113.Bd4 Re6+ 114.Kf3 Rd6 115.Be3 Rd3 116.Rxg5+ Kh7 117.h4 Ra3 118.Re5 Rb3
119.h5 Rb7 120.h6 Rd7 121.Kg4 Rb7 122.Bg5 Rf7 123.Kh5 Rf8 124.Re7+ Kh8 125.h7 Rf7
126.Kg6 Rg7+ 127.Kh6 Rg6+ 128.Kh5 Rxg5+  1/2-1/2

[Event "Rubinstein Open"]
[Site "Polanica Zdroj POL"]
[Date "2001.08.23"]
[Round "8"]
[White "Staniszewski,Pi"]
[Black "Lagowski,P"]
[Result "1-0"]
[WhiteElo "2451"]
[BlackElo "2346"]

1.d4 g6 2.e4 Bg7 3.Nc3 d6 4.f4 Nf6 5.Nf3 O-O 6.Bd3 Nc6 7.O-O Bg4 8.e5 dxe5
9.dxe5 Nd5 10.Nxd5 Qxd5 11.h3 Bxf3 12.Qxf3 Qxf3 13.Rxf3 Nd4 14.Rf1 Rfd8 15.Be3 e6
16.Rad1 Nf5 17.Bf2 Bf8 18.Be4 c6 19.g4 Ne7 20.c4 Bg7  1-0

[Event "Rubinstein Open"]
[Site "Polanica Zdroj POL"]
[Date "2001.08.23"]
[Round "8"]
[White "Gromczak,D"]
[Black "Dlugosz,J"]
[Result "0-1"]
[WhiteElo "2142"]
[BlackElo "2272"]

1.e4 g6 2.d4 Bg7 3.Nc3 d6 4.Bg5 a6 5.Nf3 b5 6.e5 Bb7 7.Bd3 Nd7 8.exd6 cxd6
9.O-O Ngf6 10.Re1 O-O 11.Ne4 Qc7 12.c3 Bc6 13.Nfd2 Nd5 14.f3 Rae8 15.Nf1 f5
16.Nf2 N7b6 17.Qd2 e5 18.dxe5 dxe5 19.Bh6 Rd8 20.Bxg7 Kxg7  0-1

[Event "Rubinstein Open"]
[Site "Polanica Zdroj POL"]
[Date "2001.08.23"]
[Round "8"]
[White "Machaj,B"]
[Black "Gorecki,J"]
[Result "1-0"]
[WhiteElo "2153"]
[BlackElo "2008"]

1.e4 d6 2.d4 g6 3.Nc3 Bg7 4.Be3 c6 5.Qd2 Nf6 6.f3 Nbd7 7.g4 a6 8.h4 h5 9.g5 Ng8
10.f4 b5 11.f5 Nb6 12.fxg6 fxg6 13.a3 e6 14.Rh2 Ne7 15.Rf2 d5 16.Bd3 Nc4
17.Bxc4 bxc4 18.Qe2 Rf8 19.O-O-O Rxf2 20.Qxf2 dxe4  1-0

[Event "WJun"]
[Site "Athens GRE"]
[Date "2001.08.24"]
[Round "8"]
[White "Erturan,Y"]
[Black "Bitansky,I"]
[Result "1-0"]
[WhiteElo "2211"]
[BlackElo "2363"]

1.e4 g6 2.d4 Bg7 3.Nc3 d6 4.f4 Nf6 5.Nf3 O-O 6.Bd3 Na6 7.O-O c5 8.d5 Bg4
9.Bc4 Nd7 10.h3 Bxf3 11.Qxf3 Rb8 12.Qe2 Nc7 13.a4 a6 14.a5 Qc8 15.Na4 e6
16.dxe6 Nxe6 17.c3 Qd8 18.Nb6 Nxb6 19.axb6 Qf6 20.Qg4 Rbe8 21.f5 Nd8 22.Bg5 Qe5
23.Bd5 Nc6 24.f6 Bh8 25.Qh4 Re6 26.Rf4 h5 27.Raf1 Nb8 28.g4 Nd7 29.gxh5 gxh5
30.Rf5 Nxb6 31.Rxe5 Rxe5 32.Bf4  1-0

[Event "6th San Agustin Open"]
[Site "Aviles ESP"]
[Date "2001.08.24"]
[Round "8"]
[White "Pinter,G"]
[Black "Mista,A"]
[Result "0-1"]
[WhiteElo "2390"]
[BlackElo "2406"]

1.e4 g6 2.d4 Bg7 3.Nc3 d6 4.Bg5 a6 5.f4 b5 6.Nf3 Bb7 7.Bd3 Nd7 8.Ne2 c5 9.c3 cxd4
10.cxd4 Ngf6 11.Ng3 O-O 12.O-O Qb6 13.Kh1 h6 14.Bxf6 Nxf6 15.Qe2 e6 16.Rad1 Rae8
17.Qd2 Nd7 18.Bb1 f5 19.d5 Nf6 20.Qd4 Qxd4 21.Nxd4 Nxe4 22.Nxe4 Bxd4 23.Rxd4 fxe4
24.Bxe4 e5 25.Rdd1 exf4 26.Bxg6 Re5 27.Bc2 Re2 28.Bb3 Rxb2 29.Rde1 a5 30.Re7 Rf7
31.Rxf7 Kxf7  0-1

[Event "21st Open"]
[Site "Bratto ITA"]
[Date "2001.08.24"]
[Round "3"]
[White "Drazic,S"]
[Black "Foisor,O"]
[Result "1-0"]
[WhiteElo "2480"]
[BlackElo "2400"]

1.e4 d6 2.d4 g6 3.Nc3 Bg7 4.Be3 a6 5.h4 h5 6.Qd2 b5 7.a4 b4 8.Nd5 a5 9.c3 c6
10.Nf4 bxc3 11.bxc3 Nf6 12.f3 Nbd7 13.Ngh3 Ba6 14.Bxa6 Rxa6 15.Ne2 O-O 16.O-O e5
17.Ng5 d5 18.Qd3 Ra8 19.exd5 Nxd5 20.Bf2 Rb8 21.Rab1 Qc7 22.Ne4 Rxb1 23.Rxb1 N5b6
24.dxe5 Bxe5 25.f4 Bg7 26.f5 Nd5 27.c4 Nf4 28.Nxf4 Qxf4 29.fxg6 fxg6 30.Bg3 Ne5
31.Qc2 Qf7 32.Re1 Ng4 33.Qd2 Bh6 34.Qd3 c5 35.Kh1 Bg7 36.Qd5 Qxd5 37.cxd5 c4
38.d6 c3 39.d7 Rd8 40.Nc5 c2 41.Rc1 Be5 42.Bxe5 Nxe5 43.Rxc2 Kf7 44.Rf2+ Ke7
45.Re2 Kf6 46.Ne4+ Kf5 47.Nd6+ Kf6 48.Rxe5 Rxd7 49.Nc4 Rd4 50.Rc5 Rxh4+ 51.Kg1 Rd4
52.Nb6 h4 53.Rxa5 g5 54.Rd5 Rb4 55.Rb5 Rd4 56.Rb1  1-0

[Event "ADCF Masters"]
[Site "Abu Dhabi UAE"]
[Date "2001.08.25"]
[Round "1"]
[White "Illijin,N"]
[Black "Dzhumaev,M"]
[Result "0-1"]
[WhiteElo "2262"]
[BlackElo "2497"]

1.e4 g6 2.d4 Bg7 3.Nc3 d6 4.Be3 c6 5.Qd2 Nd7 6.h4 h5 7.Nh3 b5 8.a4 b4 9.Nd1 Rb8
10.Bc4 Ngf6 11.f3 O-O 12.Ndf2 e5 13.Ng5 d5 14.Ba2 exd4 15.Bxd4 Ba6 16.Be3 Qa5
17.Nd3 Bxd3 18.Qxd3 b3+ 19.Bd2 Qxa4 20.cxb3 Nc5 21.bxa4 Nxd3+ 22.Ke2 Nxb2
23.a5 Na4 24.Rab1 Nh7 25.Nxh7 Kxh7 26.Rhc1 d4 27.Rxb8 Rxb8 28.Rxc6 Rb2 29.Bxf7 Bh6
30.Bxg6+ Kg7 31.Be8 Nc3+ 32.Kd3 Rxd2+ 33.Kc4 Be3 34.Bxh5 Ra2 35.Ra6 Ne2 36.Rxa7+ Kh6
37.g4 Rc2+ 38.Kb4 d3 39.Rd7 Bc5+ 40.Ka4 Rb2  0-1

[Event "WJun"]
[Site "Athens GRE"]
[Date "2001.08.25"]
[Round "9"]
[White "Mahesh Chandran,P"]
[Black "Postny,E"]
[Result "1-0"]
[WhiteElo "2339"]
[BlackElo "2486"]

1.e4 d6 2.d4 g6 3.Nc3 Bg7 4.Be3 Nf6 5.Qd2 c6 6.Bh6 Bxh6 7.Qxh6 Qa5 8.Bd3 b5
9.Nf3 b4 10.Ne2 Ba6 11.O-O Qh5 12.Qd2 Bxd3 13.cxd3 Qb5 14.Ng3 Nbd7 15.Rfe1 e5
16.dxe5 Nxe5 17.Nxe5 dxe5 18.d4 Rd8 19.Qh6 Ke7 20.dxe5 Qxe5 21.f4 Qxb2 22.Rab1 Qd4+
23.Kh1 Rd7 24.Qh4 Ke6 25.e5 Ne8 26.Qg4+ f5 27.exf6+ Kxf6 28.Rbd1 Re7 29.Qg5+  1-0

[Event "Open"]
[Site "Lisbon POR"]
[Date "2001.08.25"]
[Round "5"]
[White "Safranska,A"]
[Black "Fargere,J"]
[Result "1-0"]
[WhiteElo "2330"]
[BlackElo "2051"]

1.e4 d6 2.d4 g6 3.Nc3 Bg7 4.g3 Nf6 5.Bg2 O-O 6.Nge2 c5 7.h3 Bd7 8.dxc5 Bc6
9.cxd6 exd6 10.O-O Re8 11.f3 d5 12.exd5 Nxd5 13.Nxd5 Bxd5 14.c3 Nc6 15.Rf2 Bc4
16.Qc2 Qb6 17.Bf1 Rac8 18.Kg2 Nb4 19.cxb4 Bxe2 20.Rxe2 Rxc2 21.Rxc2 Qxb4
22.Bd2 Qb6 23.Rac1 Bd4 24.Bh6 Qf6 25.Re1 Rd8 26.h4 Qb6 27.Bc4 Bg7 28.Bc1 Qb4
29.Re4 Qb6 30.b3 Bf6 31.Be3 Qa5 32.b4 Qa4 33.Bb3 Qb5 34.Rf4 Kg7 35.Rxf6 Kxf6
36.Bg5+ Kg7 37.Bxd8 Qxb4 38.Bg5 Qe1 39.Bc1 f5 40.Rc7+ Kf8 41.Ba3+  1-0

[Event "Open"]
[Site "Lisbon POR"]
[Date "2001.08.26"]
[Round "6"]
[White "Fluvia Poyatos,J"]
[Black "Piket,Je"]
[Result "0-1"]
[WhiteElo "2474"]
[BlackElo "2630"]

1.e4 g6 2.d4 Bg7 3.Nc3 d6 4.Nf3 a6 5.a4 Nf6 6.Be2 O-O 7.O-O Nc6 8.h3 e5 9.Be3 exd4
10.Nxd4 Re8 11.f3 d5 12.Nxc6 bxc6 13.Bg5 Qd6 14.exd5 Nxd5 15.Ne4 Qe5 16.c4 Nf4
17.Re1 h6 18.Bh4 Bf5 19.Bf1 Qxb2 20.Rb1 Qd4+ 21.Bf2 Qxd1 22.Rbxd1 a5 23.Nc5 Bc3
24.Re3 Bb4 25.Nd7 Bxd7 26.Rxd7 Ne6 27.Rd1 Red8 28.Red3 Rxd3 29.Rxd3 Bc5 30.Rd7 Rc8
31.Be2 Kf8 32.Kf1 Bd6 33.c5 Ke8 34.Rxd6 cxd6 35.cxd6 Kd7  0-1

[Event "Schwarzach Open A"]
[Site "Salzburg AUT"]
[Date "2001.08.26"]
[Round "2"]
[White "Hiermann,D"]
[Black "Hertneck,G"]
[Result "1/2-1/2"]
[WhiteElo "2294"]
[BlackElo "2572"]

1.e4 g6 2.d4 Bg7 3.Nc3 d6 4.Be3 a6 5.Qd2 b5 6.f3 Nd7 7.g4 Bb7 8.h4 h5 9.g5 e6
10.Nce2 Ne7 11.Ng3 c5 12.c3 Qc7 13.N1e2 Nb6 14.b3 a5 15.Bh3 a4 16.O-O axb3
17.axb3 c4 18.Rxa8+ Bxa8 19.b4 d5 20.Ra1 Bc6 21.Bf4 Qb7 22.Bg2 O-O 23.Bd6 Rd8
24.Bxe7 Qxe7 25.e5 Ra8 26.Rxa8+ Bxa8 27.Nf1 Qa7 28.Ne3 Bc6 29.f4 Bf8 30.f5 exf5  1/2-1/2

[Event "Open"]
[Site "Lisbon POR"]
[Date "2001.08.27"]
[Round "7"]
[White "Horvath,Cs"]
[Black "Damaso,R"]
[Result "1-0"]
[WhiteElo "2545"]
[BlackElo "2437"]

1.d4 d6 2.e4 g6 3.Nc3 Bg7 4.Be3 a6 5.Qd2 b5 6.a4 b4 7.Nd1 Nf6 8.f3 O-O 9.Bd3 c5
10.dxc5 Nc6 11.Ne2 d5 12.exd5 Nxd5 13.Bh6 Bxh6 14.Qxh6 Qa5 15.h4 b3+ 16.c3 Ncb4
17.Be4 Nc2+ 18.Bxc2 bxc2 19.Ne3 Qxc5 20.Nxc2 Rb8 21.b4 Qc7 22.h5 Bf5 23.Ne3 Nxe3
24.Qxe3 Rb6 25.Nd4 Qg3+ 26.Kf1 Be6 27.Kg1  1-0

[Event "Open"]
[Site "Lisbon POR"]
[Date "2001.08.27"]
[Round "7"]
[White "Keely,L"]
[Black "Fargere,J"]
[Result "1-0"]
[WhiteElo "2185"]
[BlackElo "2051"]

1.e4 d6 2.d4 g6 3.Nc3 Bg7 4.Nf3 Nf6 5.Be2 O-O 6.O-O c5 7.dxc5 dxc5 8.Bg5 Nc6
9.Bc4 Bg4 10.h3 Qxd1 11.Raxd1 Bxf3 12.gxf3 Nd4 13.f4 e6 14.Bd3 h6 15.Bxf6 Bxf6
16.e5 Be7 17.Ne4 Rfd8 18.c3 Nf3+ 19.Kg2 Nh4+ 20.Kh1 Kf8 21.Ng3 b5 22.Bxb5 Rab8
23.a4 a6 24.Bxa6 Rxb2 25.Ne4 Nf3 26.Rxd8+ Bxd8 27.Nxc5 Bh4 28.Ne4 Bd8 29.Rd1 Bb6
30.Kg2 Nh4+ 31.Kf1 Rc2 32.Rb1 Bc7 33.Bd3 Ra2 34.Rb7 Ra1+ 35.Ke2 Ra2+ 36.Kd1 Bd8
37.Rb8 Ke7 38.Ra8 Bb6 39.Nf6 Bd8 40.Bb5 Rxf2 41.Ng8+ Kf8 42.Rxd8+ Kg7 43.Nf6 h5
44.Rg8+ Kh6 45.Be8 Rxf4 46.Bxf7 Rxa4 47.Bxe6 Nf3 48.Nd7 Ra5 49.Bf7 Nxe5 50.Nxe5 Rxe5
51.Rxg6+ Kh7 52.Rg3 h4 53.Rf3 Kg7  1-0

[Event "Ron Banwell Masters"]
[Site "London ENG"]
[Date "2001.08.27"]
[Round "10"]
[White "Gormally,D"]
[Black "McNab,C"]
[Result "1-0"]
[WhiteElo "2481"]
[BlackElo "2437"]

1.e4 g6 2.d4 d6 3.Nc3 Bg7 4.Be3 Nf6 5.Nf3 c6 6.h3 O-O 7.Qd2 Qa5 8.Bd3 e5
9.Bh6 Nbd7 10.O-O-O Bxh6 11.Qxh6 exd4 12.Nxd4 Qc5 13.Nf3 Re8 14.Rhf1 Nf8
15.Ng5 d5 16.exd5 cxd5 17.f4 d4 18.Nce4 Nxe4 19.Nxe4 Qc6 20.f5 Bxf5 21.Rxf5 gxf5
22.Nf6+ Kh8 23.Qg5 Ng6 24.Nxe8 Rxe8 25.Qxf5 Kg7 26.Qg4 Rd8 27.Kb1 Qe6 28.Bf5 Qe5
29.Rf1 Rd6 30.h4 Rf6 31.h5 Kf8 32.h6 Qb5 33.Rf3 Ne5 34.Qg7+ Ke7 35.Bd3 Qc6
36.Rxf6 Qxf6 37.Qxf6+ Kxf6 38.Bxh7 Kg5 39.Be4 Kxh6 40.Bxb7 Kg5 41.Kc1 Kf4
42.Kd2 Ng4 43.Kd3 Ke5 44.Bf3 Nh6 45.b4 Nf5 46.a4 Nd6 47.b5 f5 48.Bc6 f4 49.a5  1-0

[Event "10th Open"]
[Site "Kavala GRE"]
[Date "2001.08.28"]
[Round "8"]
[White "Nikolaidis,K"]
[Black "Nikolaidis,I"]
[Result "0-1"]
[WhiteElo "2354"]
[BlackElo "2531"]

1.d4 g6 2.e4 Bg7 3.Nc3 d6 4.Be3 Nc6 5.d5 Ne5 6.f4 Nd7 7.Nf3 Ngf6 8.Qd2 c6
9.dxc6 bxc6 10.Be2 O-O 11.h3 Rb8 12.Rb1 Qc7 13.O-O Nh5 14.Rfd1 Ng3 15.Bd3 e5
16.b4 a6 17.a4 Nh5 18.fxe5 Nxe5 19.Nxe5 Bxe5 20.b5 axb5 21.axb5 Bb7 22.Ne2 cxb5
23.Nd4 Nf6 24.Nxb5 Qe7 25.Bg5 Qd7 26.Re1 Nxe4 27.Bxe4 Bxe4 28.Rxe4 Rxb5 29.Rd1 Qe6
30.Qe2 Rc5 31.Kh1 Rfc8 32.Rd2 Qf5 33.Bh6 Rxc2 34.Rxc2 Rxc2 35.Qe1 Ra2 36.Rb4 Ra8
37.Qd1 Re8 38.Qc1 Bg3 39.Bd2  0-1

[Event "Open"]
[Site "Lisbon POR"]
[Date "2001.08.28"]
[Round "8"]
[White "Magem Badals,J"]
[Black "Aleksieva,S"]
[Result "1-0"]
[WhiteElo "2513"]
[BlackElo "2360"]

1.e4 g6 2.d4 Bg7 3.Nc3 d6 4.Bg5 c6 5.Qd2 h6 6.Bh4 b5 7.f4 Nd7 8.Nf3 Qc7 9.e5 Nb6
10.Bd3 a6 11.O-O d5 12.b3 Bg4 13.a4 Bxf3 14.Rxf3 e6 15.axb5 axb5 16.Rxa8+ Nxa8
17.Nxb5 cxb5 18.Bxb5+ Kf8 19.Qb4+ Ne7 20.Rc3  1-0

[Event "VI Cup IM"]
[Site "Paks HUN"]
[Date "2001.08.28"]
[Round "11"]
[White "Tancsa,R"]
[Black "Resika,N"]
[Result "1-0"]
[WhiteElo "2205"]
[BlackElo "2203"]

1.e4 g6 2.d4 Bg7 3.Nc3 d6 4.f4 Nf6 5.Nf3 c5 6.Bb5+ Bd7 7.e5 Ng4 8.Bxd7+ Qxd7
9.d5 dxe5 10.h3 e4 11.Nxe4 Nf6 12.Nxf6+ Bxf6 13.O-O O-O 14.Be3 Bxb2 15.Rb1 Bg7
16.Bxc5 Rd8 17.Bd4 Qxd5 18.Bxg7 Kxg7 19.Qxd5 Rxd5 20.Rxb7 Nc6 21.Rc7 Nd8
22.c4 Ra5 23.Rxe7 Rxa2 24.Rd1 Rb8 25.Ne5 Rbb2 26.Rxd8 Rxg2+ 27.Kf1 Rgf2+
28.Ke1 Rxf4 29.Rdd7 Re4+ 30.Kd1 Rf2 31.Rxa7 Rf5 32.Rxf7+ Rxf7 33.Rxf7+ Kg8
34.Re7 Rh4 35.c5 Rh5 36.c6 Kf8 37.Re6 Rxh3 38.c7 Rc3 39.Rc6  1-0